| 000 | 00771nam a22002657a 4500 | ||
|---|---|---|---|
| 003 | CHAP | ||
| 005 | 20220329133259.0 | ||
| 008 | 971013s1991 r 00010 d | ||
| 010 | _a4231 | ||
| 011 | _a5203 | ||
| 035 | _a4409 | ||
| 040 | _cCHAP | ||
| 090 | _aFolleto 12902 | ||
| 110 |
_aMéxico. Subsecretaría de Desarrollo y Fomento Agropecuario y Forestal _977248 |
||
| 245 | _aManual del productor forestal | ||
| 260 |
_aHuayacocotla, Ver. : _bLa Subsecretaría, _c1991 |
||
| 300 | _a50 p | ||
| 500 | _aD53-68 | ||
| 590 |
_aBATCH-UPD _b10 _c20130110 _lUCH01 _h1946 |
||
| 590 |
_aCONVERSION _b10 _c20130109 _lUCH01 _h1303 |
||
| 650 | 1 | 4 |
_aProductos forestales. _992059 |
| 901 | _aBK | ||
| 942 | _cFOLL | ||
| 949 |
_aFolleto 12902 _bBC _cFOLL _d-13951 _eTS1 _i4409 _mD _si |
||
| 999 |
_c4231 _d4231 |
||